000
00308nam a22001217a 4500
020
_a
9789389708448
082
_a
510
_b
JAU/C
100
_a
DR. JAUHAR, S P
245
_a
CHEMISTRY
_b
CLASS XI , PART I
260
_a
SAHIBABAD
_b
BALWANT SHARMA, MODERN PUBLISHERS
650
_a
XI CHEMISTRY, PART I
_z
UP
942
_c
BK
999
_c
6856
_d
6856